Statistiques concernant Chansons de Coldplay traduites

Cliquez ici pour prendre le quiz!

Statistiques générales

  • Ce quiz a été pris 14 fois
  • Le résultat moyen est 9 sur 30

Statistiques - réponses

HintRéponse% Correct
C'était un vent sauvage et froid qui ouvrit
les portes pour me jeter dedans
Viva La Vida
86%
Et tu sais, pour toi je me saignerais à secYellow
86%
Les questions de sciences, la science et
le progrès ne parlent pas aussi fort que
mon coeur
The Scientist
79%
Nous sommes des légendes tous les joursAdventure of A Lifetime
50%
La vie est une boisson, et l'alcool une drogueHymn For The Weekend
43%
Je suis venu avec un poids, et il paraît beaucoup
plus léger maintenant que je t'ai rencontré
Green Eyes
36%
Je vois, une toile d'araignée, et c'est moi au milieuTrouble
36%
Je pense à toi, je n'ai pas dormiAlways In My Head
29%
Nous avons vécu la vie dans une bulleHigh Speed
29%
Je me bats avec le sentiment que ma vie
n'est pas à moi
Hurts Like Heaven
29%
Les gens à gauche, les gens à droite, ont
un lion à l'intérieur
People Of The Pride
29%
Rappelle toi, il était une fois, où j'étais à toi, et tu
étais aveugle
True Love
29%
Tu penses que tu pourrais être un fantôme42
21%
Reste derrière moi, bébé, regarde le orange grandir.
Car certains riront, d'autres s'assieront et pleureront
A Rush Of Blood To The Head
21%
J'entends le son, du tic-tac des horloges,
je me rappelle de ton visage et de quand
tu étais en tort
A Whisper
21%
Je vois Dieu arriver dans mon jardin, mais je ne sais
pas ce qu'il dit
Cemeteries of London
21%
A ma surprise, et à mon plaisirDaylight
21%
Un jour la mort va me conquérir, abaissez
moi quelque part plus bas
Death Will Never Conquer
21%
Car si tu t'es déjà senti négligé, si tu penses
que tout est perdu, je compterais mes démons
Everything's not lost
21%
Je ferais de mon mieux, je te verrais bientôtSee You Soon
21%
Tu veux juste quelqu'un qui écoute ce que tu dis,
peu importe qui tu es
Square One
21%
Les gens bougent tout le temps
dans une ligne parfaitement droite
Strawberry Swing
21%
Donc je veux vivre dans une maison boisée,
où me faire plus d'amis serait facile
We Never Change
21%
Donc ils m'ont pris par le gros orteilYes
21%
Mon étoile se décoloreAmsterdam
14%
Je pense que je veux changer mon air, mon
atmosphère
Bigger Stronger
14%
Dans la pénombre, avant l'auroreMidnight
14%
Tout ce que je sais est fauxThe Hardest Part
14%
Et les roues continuent de tournerTil Kingdom Come
14%
Dans une centaine d'années, il pourrait il y
avoir des ordinateurs regardant pour une vie
sur Terre
Twisted Logic
14%

Distribution des résultats

Percentile par nombre de réponses

% des personnes avec chaque résultat

Votre développement - résultats

Vous n’avez pas pris ce quiz